Microelectronic circuits / (Record no. 14823)
[ view plain ]
| 000 -LEADER | |
|---|---|
| fixed length control field | 00968cam a22002895a 4500 |
| 001 - CONTROL NUMBER | |
| control field | 15958336 |
| 005 - DATE AND TIME OF LATEST TRANSACTION | |
| control field | 20160522160615.0 |
| 006 - FIXED-LENGTH DATA ELEMENTS--ADDITIONAL MATERIAL CHARACTERISTICS--GENERAL INFORMATION | |
| fixed length control field | m||||fq||z 00| 0 |
| 008 - FIXED-LENGTH DATA ELEMENTS--GENERAL INFORMATION | |
| fixed length control field | 091023s2011 enka frb f001 0 eng d |
| 020 ## - INTERNATIONAL STANDARD BOOK NUMBER | |
| International Standard Book Number | 0199738513 |
| 020 ## - INTERNATIONAL STANDARD BOOK NUMBER | |
| International Standard Book Number | 9780199738519 |
| 040 ## - CATALOGING SOURCE | |
| Original cataloging agency | EG-ScBUE |
| Language of cataloging | eng |
| Transcribing agency | EG-ScBUE |
| 082 04 - DEWEY DECIMAL CLASSIFICATION NUMBER | |
| Classification number | 621.381 |
| Item number | SED |
| Edition number | 22 |
| 100 1# - MAIN ENTRY--PERSONAL NAME | |
| Personal name | Sedra, Adel S. |
| 9 (RLIN) | 21044 |
| 245 10 - TITLE STATEMENT | |
| Title | Microelectronic circuits / |
| Statement of responsibility, etc | Adel S. Sedra, Kenneth C. Smith. |
| 250 ## - EDITION STATEMENT | |
| Edition statement | 6th ed., International ed. |
| 260 ## - PUBLICATION, DISTRIBUTION, ETC. (IMPRINT) | |
| Place of publication, distribution, etc | Oxford ; |
| -- | New York : |
| Name of publisher, distributor, etc | Oxford University Press, |
| Date of publication, distribution, etc | 2011. |
| 300 ## - PHYSICAL DESCRIPTION | |
| Extent | xxx, 1353 p. : |
| Other physical details | ill. ; |
| Dimensions | 27 cm. + |
| Accompanying material | 1 CD-ROM (4 3/4 in.) |
| 500 ## - GENERAL NOTE | |
| General note | Includes index. |
| 504 ## - BIBLIOGRAPHY, ETC. NOTE | |
| Bibliography, etc | Includes bibliographical references. |
| 650 #0 - SUBJECT ADDED ENTRY--TOPICAL TERM | |
| Topical term or geographic name as entry element | Electronic circuits. |
| 9 (RLIN) | 21046 |
| Source of heading or term | BUEsh |
| 650 #0 - SUBJECT ADDED ENTRY--TOPICAL TERM | |
| Topical term or geographic name as entry element | Integrated circuits. |
| 9 (RLIN) | 21047 |
| Source of heading or term | BUEsh |
| 651 ## - SUBJECT ADDED ENTRY--GEOGRAPHIC NAME | |
| Source of heading or term | BUEsh |
| 653 ## - INDEX TERM--UNCONTROLLED | |
| Resource For college | Engineering, Electrical |
| Arrived date list | October2011 |
| -- | August2015 |
| -- | May2016 |
| 700 1# - ADDED ENTRY--PERSONAL NAME | |
| Personal name | Smith, Kenneth Carless. |
| 9 (RLIN) | 21048 |
| 942 ## - ADDED ENTRY ELEMENTS (KOHA) | |
| Call number prefix | 621.381 SED |
| Source of classification or shelving scheme | Dewey Decimal Classification |
| Withdrawn status | Item status | Source of classification or shelving scheme | Damaged status | Not for loan | Vendor | Home library | Current library | Shelving location | Date acquired | Source of acquisition | Total Checkouts | Total Renewals | Full call number | Barcode | Date last seen | Date last borrowed | Koha item type | Materials specified (bound volume or other part) |
|---|---|---|---|---|---|---|---|---|---|---|---|---|---|---|---|---|---|---|
| Dewey Decimal Classification | Baccah | Central Library | Central Library | First floor | 08/11/2010 | 29 | 292 | 621.381 SED | 000022528 | 29/10/2025 | 29/10/2025 | Book - Borrowing | ||||||
| Dewey Decimal Classification | Baccah | Central Library | Central Library | First floor | 08/11/2010 | 3 | 84 | 621.381 SED | 000022529 | 24/08/2022 | 13/02/2017 | CD | DVD - With book | ||||||
| Dewey Decimal Classification | Baccah | Central Library | Central Library | First floor | 08/11/2010 | 29 | 133 | 621.381 SED | 000022525 | 15/07/2025 | 19/02/2025 | Book - Borrowing | ||||||
| Dewey Decimal Classification | Baccah | Central Library | Central Library | First floor | 08/11/2010 | 3 | 5 | 621.381 SED | 000022524 | 24/08/2022 | 13/11/2018 | CD | DVD - With book | ||||||
| Dewey Decimal Classification | Baccah | Central Library | Central Library | First floor | 08/11/2010 | 1 | 621.381 SED | 000022523 | 15/07/2025 | 04/12/2013 | NB - Book (Non borrowing) | |||||||
| Dewey Decimal Classification | Baccah | Central Library | Central Library | First floor | 08/11/2010 | 621.381 SED | 000022522 | 24/08/2022 | CD | DVD - With book (NB) | |||||||||
| Dewey Decimal Classification | Baccah | Central Library | Central Library | First floor | 11/10/2011 | 28 | 156 | 621.381 SED | 000025332 | 15/07/2025 | 09/04/2022 | Book - Borrowing | ||||||
| Dewey Decimal Classification | Baccah | Central Library | Central Library | First floor | 11/10/2011 | 2 | 3 | 621.381 SED | 000025331 | 24/08/2022 | 21/10/2015 | CD | DVD - With book | ||||||
| Dewey Decimal Classification | Damaged | Baccah | Central Library | Central Library | First floor | 24/03/2016 | Purchase | 12 | 50 | 621.381 SED | 000032140 | 28/03/2019 | 06/03/2019 | Book - Borrowing | Box 05 | |||
| Dewey Decimal Classification | Baccah | Central Library | Central Library | First floor | 24/03/2016 | Purchase | 621.381 SED | 000032141 | 24/08/2022 | CD | DVD - With book |